[Event "Lazy, Vain and Invincible"]
[Site "SchemingMind.com"]
[Date "2007.07.02"]
[Round "-"]
[White "Space"]
[Black "C. H. O'D. Schlechter"]
[Result "1/2-1/2"]
[WhiteCountry "SWE"]
[BlackCountry "USA"]
[WhiteElo "2247"]
[WhiteRD "80"]
[BlackElo "2384"]
[BlackRD "65"]
[GameID "111404"]

1. e4 c6 2. d4 d5 3. Nd2 dxe4 4. Nxe4 Bf5 5. Ng3 Bg6 6. h4 h6 7. Nf3 Nd7 8. h5 Bh7 9. Bd3 Bxd3 10. Qxd3 e6
11. Bf4 Qa5+ 12. Bd2 Bb4 13. c3 Be7 14. c4 Qc7 15. O-O-O Ngf6 16. Kb1 O-O 17. Rhe1 Rfe8 18. Ne5 Bd6 19. f4 Rad8 20. Qf3 c5
21. Nxd7 Nxd7 22. d5 Nb6 23. dxe6 Nxc4 24. exf7+ Qxf7 25. Bc1 Rxe1 26. Rxe1 Bf8 27. f5=
1/2-1/2

[Event "Lazy, Vain and Invincible"]
[Site "SchemingMind.com"]
[Date "2007.07.07"]
[Round "-"]
[White "C. H. O'D. Schlechter"]
[Black "Space"]
[Result "1-0"]
[WhiteCountry "USA"]
[BlackCountry "SWE"]
[WhiteElo "2405"]
[WhiteRD "71"]
[BlackElo "2246"]
[BlackRD "81"]
[GameID "111405"]

1. e4 c5 2. Nc3 Nc6 3. f4 g6 4. Nf3 Bg7 5. Bb5 Nd4 6. O-O e6 7. d3 Ne7 8. Nxd4 cxd4 9. Ne2 O-O 10. Ba4 d6
11. Kh1 Bd7 12. Bb3 f5 13. Bd2 Kh8 14. Qe1 Nc6 15. Ng1 e5= 16. Qg3 Bh6 17. Ne2 fxe4 18. dxe4 Na5 19. Bd5 Bb5 20. Qh3 Bxe2
21. Qxh6 Bxf1 22. Rxf1 Qc7 23. f5 Nc4 24. f6 Nxd2 25. Qxd2 Qd8 26. Qg5 Rc8 27. Rf2 b5 28. h4 Rc7 29. Kh2 a5= 30. g4 Rcf7
31. Bxf7 Rxf7 32. h5 gxh5 33. gxh5 d5 34. exd5 Qxd5 35. h6 Qd6 36. Rf5
1-0

[Event "Lazy, Vain and Invincible"]
[Site "SchemingMind.com"]
[Date "2007.07.08"]
[Round "-"]
[White "Cruyce"]
[Black "C. H. O'D. Schlechter"]
[Result "0-1"]
[WhiteCountry "BEL"]
[BlackCountry "USA"]
[WhiteElo "2219"]
[WhiteRD "73"]
[BlackElo "2386"]
[BlackRD "71"]
[GameID "111537"]

1. d4 d5 2. Nf3 Nc6 3. e3 Bg4 4. Bb5 e6 5. c4 Ne7 6. Nbd2 a6 7. Bxc6+ Nxc6 8. O-O Be7 9. b3 O-O 10. Bb2 Re8
11. h3 Bh5 12. Nb1 dxc4 13. bxc4 Na5 14. Nbd2 Bxf3 15. gxf3 Bb4 16. c5 b5 17. f4 f6 18. Kh2 Qd5 19. Rg1 Rad8 20. Nb3 Nc4
21. Qc2 Qf5 22. Qe2 a5 23. a4 c6 24. Rg4 e5 25. axb5 cxb5 26. fxe5= fxe5 27. Rag1 g6 28. Rg5 Qf7 29. dxe5 Nxb2 30. Qxb2 Rd3
31. e6 Rxe6 32. R1g2 Rc6 33. Nd4 Rxc5 34. Rxc5 Bxc5 35. Nxb5 Rb3 36. Qe2 a4 37. Rg4 a3 38. Rf4 Rb2 39. Qf3 Qe7 40. Nxa3 Bxe3
41. Qd5+ Kg7
0-1

[Event "Lazy, Vain and Invincible"]
[Site "SchemingMind.com"]
[Date "2007.07.04"]
[Round "-"]
[White "Cruyce"]
[Black "Space"]
[Result "1/2-1/2"]
[WhiteCountry "BEL"]
[BlackCountry "SWE"]
[WhiteElo "2180"]
[WhiteRD "72"]
[BlackElo "2196"]
[BlackRD "82"]
[GameID "111538"]

1. d4 d5 2. Nf3 c6 3. c4 Nf6 4. Qc2 e6 5. g3 dxc4 6. Qxc4 b5 7. Qc2 Bb7 8. Bg2 Nbd7 9. O-O c5 10. Be3 Rc8
11. Qb3 a6 12. Nc3 Be7 13. dxc5= Nxc5 14. Bxc5 Bxc5 15. Ng5 Bxg2 16. Kxg2 O-O=
1/2-1/2

[Event "Lazy, Vain and Invincible"]
[Site "SchemingMind.com"]
[Date "2007.07.08"]
[Round "-"]
[White "C. H. O'D. Schlechter"]
[Black "Cruyce"]
[Result "1/2-1/2"]
[WhiteCountry "USA"]
[BlackCountry "BEL"]
[WhiteElo "2386"]
[WhiteRD "71"]
[BlackElo "2219"]
[BlackRD "73"]
[GameID "111539"]

1. e4 c5 2. Nc3 Nc6 3. f4 g6 4. Nf3 Bg7 5. Bb5 Nd4 6. O-O Nxb5 7. Nxb5 d5 8. exd5 a6 9. Nc3 Nf6 10. d4 c4
11. Qe2 Nxd5 12. Qxc4 Be6 13. Re1 O-O 14. Qe2 Nxc3 15. bxc3 Rc8 16. Bd2 Rc7 17. Ne5 Bf5 18. Nd3 Qd5 19. g4 Bc8 20. a4 b6
21. Nb4 Qd7 22. h3 Bb7 23. Nd3 Rfc8 24. Ne5= Bxe5 25. Qxe5 Qc6 26. d5 Qxd5 27. Qxd5 Bxd5 28. Rab1 Rb7 29. Rb4 f5 30. Reb1 Rc6
31. Kf2 Kf7 32. Rd4 Be4 33. Rb2 Rbc7 34. Rdb4 Rd6 35. Rd4 Rxd4 36. cxd4 Rxc2 37. Rxc2 Bxc2 38. a5 b5 39. Bb4 Ke6 40. Ke3 Be4
41. h4 Bc6=
1/2-1/2

[Event "Lazy, Vain and Invincible"]
[Site "SchemingMind.com"]
[Date "2007.07.05"]
[Round "-"]
[White "Space"]
[Black "Cruyce"]
[Result "1-0"]
[WhiteCountry "SWE"]
[BlackCountry "BEL"]
[WhiteElo "2228"]
[WhiteRD "83"]
[BlackElo "2223"]
[BlackRD "73"]
[GameID "111540"]

1. e4 c5 2. Nf3 e6 3. d4 cxd4 4. Nxd4 a6 5. Bd3 Bc5 6. Nb3 Be7 7. O-O d6 8. c4 Nf6 9. Nc3 O-O 10. f4 Qc7
11. Qe2 Nbd7 12. Bd2 b6 13. Rae1 Rd8 14. g4 Nc5 15. Nxc5 bxc5 16. g5 Nd7 17. Qh5 Rb8 18. b3 g6 19. Qh3 Bf8= 20. f5 Ne5
21. Bc2 Nc6 22. Bd1 Nd4 23. Rf4 Qb7 24. Rh4 h5 25. Bxh5 gxh5 26. Rxh5
1-0

[Event "Lazy, Vain and Invincible"]
[Site "SchemingMind.com"]
[Date "2007.07.12"]
[Round "-"]
[White "ajedrez perfecto"]
[Black "C. H. O'D. Schlechter"]
[Result "1/2-1/2"]
[WhiteCountry "BAH"]
[BlackCountry "USA"]
[WhiteElo "2253"]
[WhiteRD "84"]
[BlackElo "2395"]
[BlackRD "69"]
[GameID "112076"]

1. e4 e5 2. Nf3 Nc6 3. Bc4 Bc5 4. c3 Nf6 5. d4 exd4 6. cxd4 Bb4+ 7. Bd2 Nxe4 8. Bxb4 Nxb4 9. Bxf7+ Kxf7 10. Qb3+ d5
11. Qxb4 Re8 12. O-O a5 13. Qa3 Kg8 14. Nc3 c6 15. Rfe1= Bf5 16. Ne5 Nd6 17. Qb3 Re6 18. Ne2 a4 19. Qb4 Rh6 20. Ng3 Qh4=
1/2-1/2

[Event "Lazy, Vain and Invincible"]
[Site "SchemingMind.com"]
[Date "2007.07.07"]
[Round "-"]
[White "ajedrez perfecto"]
[Black "Space"]
[Result "0-1"]
[WhiteCountry "BAH"]
[BlackCountry "SWE"]
[WhiteElo "1834"]
[WhiteRD "72"]
[BlackElo "2246"]
[BlackRD "81"]
[GameID "112077"]

1. e4 c6 2. d4 d5 3. e5 Bf5 4. Nf3 e6 5. c3 c5 6. Nbd2 Nc6 7. dxc5 Bxc5 8. Nb3 Bb6 9. Nbd4 Bxd4 10. Nxd4 Nge7
11. f4 Be4 12. Nf3 O-O 13. Ng5 Bg6 14. h4 h6 15. h5 Bf5 16. g4 hxg5 17. gxf5 Nxf5 18. h6= g6 19. Qg4 Kh7 20. Bd3 gxf4
21. Bxf4 d4 22. Rh3 Qb6 23. Qg5 Nce7 24. c4 Rac8 25. b3 Qa5+ 26. Kf1 b5 27. Bd2 Qa3 28. Kg1 bxc4 29. bxc4 Qc5 30. Re1 Rb8
31. Bc1 Rb7 32. Rh2 Rfb8 33. Rf2 Ng8 34. Rg2 a5
0-1

[Event "Lazy, Vain and Invincible"]
[Site "SchemingMind.com"]
[Date "2007.07.08"]
[Round "-"]
[White "ajedrez perfecto"]
[Black "Cruyce"]
[Result "0-1"]
[WhiteCountry "BAH"]
[BlackCountry "BEL"]
[WhiteElo "1848"]
[WhiteRD "73"]
[BlackElo "2219"]
[BlackRD "73"]
[GameID "112078"]

1. d4 e6 2. e4 c5 3. d5 exd5 4. exd5 d6 5. Nf3 Nf6 6. c4 Be7 7. Bd3 O-O 8. O-O Nbd7 9. Re1 Re8 10. Nc3 Nf8
11. Qb3 Ng6 12. Bg5 Bg4 13. Bxg6 hxg6 14. Qxb7 Rb8 15. Qxa7 Ra8 16. Qb7 Rb8= 17. Qa6 Rxb2 18. a3 Bxf3 19. gxf3 Nxd5 20. cxd5 Bxg5
21. Rxe8+ Qxe8 22. Qxd6 Bh4 23. Ne4= f5 24. Qf4 Qd8 25. Ng3 Bf6 26. Rd1 Bd4 27. Qc1 Bxf2+ 28. Kh1 Qb6 29. Qg5 Rb1 30. Rxb1 Qxb1+
31. Kg2 Qg1+ 32. Kh3 Bxg3 33. Qxg3 Qf1+ 34. Kh4 Qc4+ 35. Kg5 Qc3 36. Kh4 Qd4+ 37. Kh3 Qxd5 38. a4 c4 39. Kg2 c3
0-1

[Event "Lazy, Vain and Invincible"]
[Site "SchemingMind.com"]
[Date "2007.07.12"]
[Round "-"]
[White "C. H. O'D. Schlechter"]
[Black "ajedrez perfecto"]
[Result "1/2-1/2"]
[WhiteCountry "USA"]
[BlackCountry "BAH"]
[WhiteElo "2386"]
[WhiteRD "71"]
[BlackElo "1848"]
[BlackRD "73"]
[GameID "112079"]

1. e4 e5 2. Nf3 Nc6 3. Bb5 a6 4. Ba4 Nf6 5. Qe2 b5 6. Bb3 Bc5 7. d3 d6 8. c3 Rb8 9. O-O O-O 10. Be3 Bxe3
11. fxe3 Ne7 12. Nbd2 c5 13. a4 c4 14. Bc2 cxd3 15. Qxd3 Be6 16. axb5 axb5 17. Ra6 Bc4 18. Nxc4= bxc4 19. Qxc4 Rxb2 20. Qd3 Nc8
21. c4 Nd7 22. Qc3 Rb8 23. Ra5 Ncb6 24. Rfa1 Qf6 25. Rb5 Qe6 26. Bb3 Nc5 27. Nxe5 Nxb3 28. Qxb3 dxe5 29. Ra6 Qxc4 30. Raxb6=
1/2-1/2

[Event "Lazy, Vain and Invincible"]
[Site "SchemingMind.com"]
[Date "2007.07.12"]
[Round "-"]
[White "Space"]
[Black "ajedrez perfecto"]
[Result "1/2-1/2"]
[WhiteCountry "SWE"]
[BlackCountry "BAH"]
[WhiteElo "2210"]
[WhiteRD "79"]
[BlackElo "2212"]
[BlackRD "87"]
[GameID "112080"]

1. e4 e5 2. Nf3 Nc6 3. Bb5 a6 4. Ba4 Nf6 5. O-O Nxe4 6. d4 b5 7. Bb3 d5 8. dxe5 Be6 9. c3 Nc5 10. Bc2 Bg4
11. Re1 Ne6 12. Nbd2 Qd7 13. Nf1 Rd8 14. a4 b4 15. h3 Bh5 16. Qe2 bxc3 17. bxc3 a5 18. Ng3 Bg6 19. Nf5 Bc5 20. g4=
1/2-1/2

[Event "Lazy, Vain and Invincible"]
[Site "SchemingMind.com"]
[Date "2007.07.09"]
[Round "-"]
[White "Cruyce"]
[Black "ajedrez perfecto"]
[Result "0-1"]
[WhiteCountry "BEL"]
[BlackCountry "BAH"]
[WhiteElo "2223"]
[WhiteRD "73"]
[BlackElo "2253"]
[BlackRD "84"]
[GameID "112081"]

1. d4 Nf6 2. Nf3 d5 3. c4 e6 4. Nc3 Be7 5. Bf4 dxc4 6. e3 Nd5 7. Bg3 Nxc3 8. bxc3 b5 9. a4 c6 10. Be2 Nd7
11. O-O a6 12. Qc2 Bb7 13. Rfb1 Qc8 14. Qb2 Ra7 15. h3 O-O 16. Qc2 Qa8 17. Rd1 Nb6 18. Ne5 c5 19. axb5 axb5 20. Rxa7= Qxa7
21. dxc5 Bxc5 22. Qb2 Na4 23. Qc2 Qa5 24. Nd7 Nxc3 25. Nxc5 Nxd1 26. Qxd1 Rd8 27. Qb1 Bc6 28. Ne4 Bxe4 29. Qxe4 Qe1+ 30. Bf1 Rd5
31. Bc7 h6
0-1

[Event "Lazy, Vain and Invincible"]
[Site "SchemingMind.com"]
[Date "2007.07.12"]
[Round "-"]
[White "latvija"]
[Black "C. H. O'D. Schlechter"]
[Result "0-1"]
[WhiteCountry "USA"]
[BlackCountry "USA"]
[WhiteElo "2042"]
[WhiteRD "89"]
[BlackElo "2386"]
[BlackRD "71"]
[GameID "112095"]

1. Nf3 d5 2. g3 Nf6 3. Bg2 c6 4. O-O Bf5 5. d3 h6 6. Nbd2 e6 7. Qe1 Bc5 8. e4 Bh7 9. a3 a5 10. e5 Nfd7
11. Qe2 O-O 12. Rb1 a4 13. Ra1 Be7 14. Ne1 Qb6 15. h3 c5 16. Nef3 Nc6 17. c3 Qa6 18. c4 Rad8 19. Rd1 Nb6 20. Bf1 dxc4
21. dxc4 Bd3 22. Qxd3 Rxd3 23. Bxd3 Rd8 24. Bf1 Nd7 25. Re1 Qb6 26. Re3 Qc7 27. b3 Ndxe5 28. Nxe5 Nxe5 29. bxa4 Nc6 30. Ne4 Qa5
31. Rb1 f5 32. Nc3 Bg5 33. f4 Bf6 34. Rb5 Qa6 35. Kh2 Nd4 36. Rb2 e5 37. a5 e4 38. Kh1 Nf3 39. Rb6 Qxa5 40. Rb5 Qa7
41. Nd5 Qa4 42. Bb2 Qd1 43. Kg2 Bd4 44. Bxd4 cxd4
0-1

[Event "Lazy, Vain and Invincible"]
[Site "SchemingMind.com"]
[Date "2007.07.08"]
[Round "-"]
[White "latvija"]
[Black "Space"]
[Result "0-1"]
[WhiteCountry "USA"]
[BlackCountry "SWE"]
[WhiteElo "2040"]
[WhiteRD "88"]
[BlackElo "2247"]
[BlackRD "80"]
[GameID "112096"]

1. e4 e5 2. Nf3 Nc6 3. d4 exd4 4. Nxd4 Bc5 5. Nxc6 Qf6 6. Qd2 dxc6 7. Nc3 Bd4 8. Bd3 Ne7 9. Na4 Ng6 10. O-O O-O
11. Kh1 Rd8 12. f4 b5 13. Nc3 a5 14. Qe1 b4 15. e5 Qh4 16. Qxh4 Nxh4 17. Ne2 Bb6 18. Ng3 Be6 19. f5 Bd5 20. Ne4 Nxf5
21. Nf6+ gxf6 22. Rxf5 fxe5 23. Rxe5 Bd4 24. Rg5+ Kh8 25. Rh5 Re8 26. h4 Be4 27. Kh2 Bxd3 28. cxd3 Re1 29. Rf5 Rg8 30. Rxa5 c5
31. g4 Rxg4 32. Ra8+ Rg8 33. Rxg8+ Kxg8 34. Kg3 Bg7 35. Kf2 Rh1 36. Kg2 Rd1 37. Kf3 Bh6 38. Bxh6 Rxa1
0-1

[Event "Lazy, Vain and Invincible"]
[Site "SchemingMind.com"]
[Date "2007.07.10"]
[Round "-"]
[White "latvija"]
[Black "Cruyce"]
[Result "0-1"]
[WhiteCountry "USA"]
[BlackCountry "BEL"]
[WhiteElo "2044"]
[WhiteRD "89"]
[BlackElo "2223"]
[BlackRD "73"]
[GameID "112097"]

1. Nf3 e6 2. c4 f5 3. g3 Nf6 4. Bg2 Be7 5. O-O O-O 6. d4 d6 7. Nc3 Ne4 8. Qc2 Nxc3 9. Qxc3 a5 10. Be3 Bf6
11. Qd2 c6 12. Rfd1 Na6 13. Rac1 h6 14. Kh1 Re8 15. Qc2 Qc7 16. Qb3 b6 17. Nh4 Bb7 18. a3 f4 19. Ng6 fxe3 20. fxe3 Nb8
21. Nf4 a4 22. Qd3 e5 23. Nh5 Nd7 24. Nxf6+ Nxf6 25. dxe5 dxe5 26. c5 b5 27. Qc3 Rad8 28. b4 axb3 29. Qxb3+ Qf7 30. Qb2 Rxd1+
31. Rxd1 e4 32. Re1 Bc8 33. Qd4 Qb3 34. h3 Be6 35. Rc1 Ra8
0-1

[Event "Lazy, Vain and Invincible"]
[Site "SchemingMind.com"]
[Date "2007.07.12"]
[Round "-"]
[White "latvija"]
[Black "ajedrez perfecto"]
[Result "1-0"]
[WhiteCountry "USA"]
[BlackCountry "BAH"]
[WhiteElo "2042"]
[WhiteRD "89"]
[BlackElo "1848"]
[BlackRD "73"]
[GameID "112098"]

1. e4 e5 2. Nf3 Nc6 3. d4 exd4 4. Nxd4 Nf6 5. Nxc6 bxc6 6. e5 Qe7 7. Qe2 Nd5 8. c4 Ba6 9. b3 Nb6 10. Nd2 d5
11. Qe3 dxc4 12. Be2 Qc5 13. Nxc4 Bxc4 14. bxc4 Qb4+ 15. Kf1 Nxc4 16. Qf4 Nb6 17. Qf5 Nd5 18. Rb1 Qa4 19. e6 f6 20. Qd3 Qxa2
21. Rb2 Qa5 22. Rc2 Rd8 23. Qb3 Rd6 24. g3 Nb4 25. Rc4 Qd5 26. Bf3 Qd3+ 27. Qxd3 Nxd3 28. Rxc6 Ne5 29. Rxd6 Bxd6 30. Be4 Ke7
31. f4 Nc4 32. Bd3 Nb6 33. f5 a5 34. Be3 a4 35. Be4 a3 36. Ke2 g6 37. g4 Rb8 38. Ra1 Na4 39. Kf3
1-0

[Event "Lazy, Vain and Invincible"]
[Site "SchemingMind.com"]
[Date "2007.07.12"]
[Round "-"]
[White "C. H. O'D. Schlechter"]
[Black "latvija"]
[Result "1/2-1/2"]
[WhiteCountry "USA"]
[BlackCountry "USA"]
[WhiteElo "2384"]
[WhiteRD "65"]
[BlackElo "2040"]
[BlackRD "88"]
[GameID "112099"]

1. e4 c5 2. Nc3 Nc6 3. f4 g6 4. Nf3 Bg7 5. Bb5 Nd4 6. O-O Nxb5 7. Nxb5 d6 8. d3 a6 9. Nc3 b5 10. Qe1 Bb7
11. a3 Nf6 12. e5 Ng4 13. Ne4 O-O 14. Qh4 h5 15. f5 Bxe4 16. dxe4 Nxe5 17. Bg5 Nc6 18. c3 Qd7 19. Rad1 Rad8 20. Be3 b4
21. cxb4 cxb4 22. Qg5 Qe8 23. Nh4 Ne5 24. Bd4 Bf6 25. Qg3 bxa3 26. bxa3 g5 27. Nf3 h4 28. Nxh4 Qa4 29. Kh1 Kg7 30. Nf3 Qxa3
31. Ra1 Qd3 32. Rfd1 Qb3 33. Rab1=
1/2-1/2

[Event "Lazy, Vain and Invincible"]
[Site "SchemingMind.com"]
[Date "2007.07.08"]
[Round "-"]
[White "Space"]
[Black "latvija"]
[Result "1-0"]
[WhiteCountry "SWE"]
[BlackCountry "USA"]
[WhiteElo "2257"]
[WhiteRD "83"]
[BlackElo "2042"]
[BlackRD "89"]
[GameID "112100"]

1. d4 Nf6 2. c4 g6 3. g3 Bg7 4. Bg2 O-O 5. Nf3 d6 6. O-O Nc6 7. Nc3 a6 8. d5 Na5 9. Nd2 c5 10. Qc2 Bd7
11. b3 b5 12. Bb2 bxc4 13. bxc4 Rb8 14. Rab1 e5 15. Nd1 Bh6 16. e3 Bg4 17. Nc3 Bf5 18. Nce4 Nxe4 19. Bxe4 Bxe4 20. Qxe4 Nb7
21. Bc3 f5 22. Qc2 Rf7 23. Rb2 Bg7 24. Rfb1 Qc8 25. Rb6 Qc7 26. Rxa6 Qd8 27. Rab6 Qc8 28. Qb2 Qf8 29. a4 Bf6 30. a5 Bd8
31. Rb5 Bxa5 32. Bxa5 g5 33. Bc3 g4 34. Nb3 Rc8 35. Nc1 Rcc7 36. Nd3 Rce7 37. Bxe5 dxe5 38. Nxe5 Rg7 39. Ra1 Nd6 40. Rb8 Re8
41. Raa8 Rge7 42. Nc6 Re4 43. Rxe8 Rxe8 44. Rxe8 Qxe8 45. Qf6
1-0

[Event "Lazy, Vain and Invincible"]
[Site "SchemingMind.com"]
[Date "2007.07.08"]
[Round "-"]
[White "Cruyce"]
[Black "latvija"]
[Result "1-0"]
[WhiteCountry "BEL"]
[BlackCountry "USA"]
[WhiteElo "2167"]
[WhiteRD "75"]
[BlackElo "2058"]
[BlackRD "90"]
[GameID "112101"]

1. d4 Nf6 2. Nf3 g6 3. g3 Bg7 4. Bg2 O-O 5. O-O d6 6. b3 c5 7. c4 Nc6 8. Bb2 cxd4 9. Nxd4 Bd7 10. Nc2 Qc8
11. Nc3 Bh3 12. Ne3 Bxg2 13. Kxg2 Qe6 14. Qd2 Nb4 15. Rad1 Rac8 16. Ncd5 Nfxd5 17. cxd5 Nxd5 18. Nxd5 Bxb2 19. Qxb2 Qe5 20. Qxe5 dxe5
21. Nxe7+ Kg7 22. Nxc8
1-0

[Event "Lazy, Vain and Invincible"]
[Site "SchemingMind.com"]
[Date "2007.07.12"]
[Round "-"]
[White "ajedrez perfecto"]
[Black "latvija"]
[Result "1/2-1/2"]
[WhiteCountry "BAH"]
[BlackCountry "USA"]
[WhiteElo "2188"]
[WhiteRD "88"]
[BlackElo "2055"]
[BlackRD "89"]
[GameID "112102"]

1. e4 c5 2. Nf3 Nc6 3. d4 cxd4 4. Nxd4 Nf6 5. Nc3 d6 6. Be2 e5 7. Nf3 h6 8. Bc4 Be6 9. Qd3 Nb4 10. Bb5+ Nc6
11. O-O a6 12. Ba4 Be7 13. Nd5 Rc8 14. c4 O-O 15. Bd2 Nd7 16. Bc2 f5 17. Qe2=
1/2-1/2

[Event "Lazy, Vain and Invincible"]
[Site "SchemingMind.com"]
[Date "2007.07.15"]
[Round "-"]
[White "agrillage"]
[Black "C. H. O'D. Schlechter"]
[Result "1/2-1/2"]
[WhiteCountry "MLT"]
[BlackCountry "USA"]
[WhiteElo "2092"]
[WhiteRD "82"]
[BlackElo "2384"]
[BlackRD "65"]
[GameID "112382"]

1. Nf3 d5 2. c4 e6 3. d4 Nf6 4. g3 Be7 5. Bg2 c5 6. cxd5 exd5 7. O-O Nc6 8. Nc3 O-O 9. Bg5 cxd4 10. Nxd4 h6
11. Be3 Bg4 12. h3 Be6 13. Rc1 Qd7 14. Kh2 Ne5 15. Qa4 Qxa4 16. Nxa4 Nc4 17. Nxe6 fxe6 18. Bc5 Bxc5 19. Nxc5 Rae8 20. Nxb7 Re7
21. b3 Nd2 22. Rfd1 Nxb3 23. Rc6 Rxb7 24. axb3 Kf7=
1/2-1/2

[Event "Lazy, Vain and Invincible"]
[Site "SchemingMind.com"]
[Date "2007.07.11"]
[Round "-"]
[White "agrillage"]
[Black "latvija"]
[Result "1/2-1/2"]
[WhiteCountry "MLT"]
[BlackCountry "USA"]
[WhiteElo "2046"]
[WhiteRD "82"]
[BlackElo "2044"]
[BlackRD "89"]
[GameID "112383"]

1. Nf3 Nf6 2. c4 c5 3. d4 e6 4. d5 exd5 5. cxd5 d6 6. h3 g6 7. Nc3 Bg7 8. e4 O-O 9. Bd3 b5 10. Bxb5 Nxe4
11. Nxe4 Qa5+ 12. Nfd2 Qxb5 13. Nxd6 Qa6 14. N2c4 Nd7 15. O-O Ne5 16. Nxc8 Raxc8 17. Nxe5 Bxe5 18. Re1 Rfe8 19. a4 Qd6 20. Ra3 Bd4
21. Rxe8+ Rxe8 22. Rd3 Re4 23. Be3 Qxd5 24. Bxd4 cxd4 25. f3 Rh4 26. Qe1 Qf5 27. Qd2=
1/2-1/2

[Event "Lazy, Vain and Invincible"]
[Site "SchemingMind.com"]
[Date "2007.07.10"]
[Round "-"]
[White "agrillage"]
[Black "Space"]
[Result "1/2-1/2"]
[WhiteCountry "MLT"]
[BlackCountry "SWE"]
[WhiteElo "2037"]
[WhiteRD "80"]
[BlackElo "2210"]
[BlackRD "79"]
[GameID "112384"]

1. Nf3 c5 2. c4 Nf6 3. d4 cxd4 4. Nxd4 e5 5. Nb5 d5 6. cxd5 a6 7. N5c3 Bc5 8. e3 O-O 9. Be2 e4 10. Nd2 Re8
11. a3 b5 12. b4 Bd6 13. Bb2 Nbd7 14. Nf1 Bb7 15. Ng3 Be5 16. Qd2 Nb6 17. O-O Rc8 18. Rfd1 Nc4 19. Bxc4 Rxc4=
1/2-1/2

[Event "Lazy, Vain and Invincible"]
[Site "SchemingMind.com"]
[Date "2007.07.10"]
[Round "-"]
[White "agrillage"]
[Black "Cruyce"]
[Result "0-1"]
[WhiteCountry "MLT"]
[BlackCountry "BEL"]
[WhiteElo "2076"]
[WhiteRD "81"]
[BlackElo "2211"]
[BlackRD "74"]
[GameID "112385"]

1. Nf3 e6 2. c4 f5 3. g3 Nf6 4. Bg2 Be7 5. O-O O-O 6. Nc3 d6 7. Rb1 Qe8 8. d3 e5 9. b4 Nc6 10. Nd5 Bd8
11. e3 a6 12. a4 a5 13. bxa5 Nxa5 14. Nd2 Bd7 15. Nc3 Bc6 16. e4 f4 17. Nf3 fxg3 18. hxg3 Nd7 19. Be3 b6 20. Bh3 Nc5
21. Kg2 Nxa4 22. Nxa4 Bxa4 23. Qe2 Nb3 24. Rh1 Bf6 25. Rh2 Qe7 26. Rbh1 g6 27. Bg5 Bc6 28. Bxf6 Qxf6 29. Bg4 Rf7 30. Rh6 Nc5
31. Qd2 Ra3 32. Qg5 Nxe4 33. dxe4 Rxf3 34. Qxf6 R3xf6 35. f3 b5 36. cxb5 Bxb5 37. Kf2 c5 38. Ke3 c4 39. f4 Ra7 40. f5 Ra3+
41. Kf2 Rf7 42. Kg2 Bc6
0-1

[Event "Lazy, Vain and Invincible"]
[Site "SchemingMind.com"]
[Date "2007.07.15"]
[Round "-"]
[White "agrillage"]
[Black "ajedrez perfecto"]
[Result "0-1"]
[WhiteCountry "MLT"]
[BlackCountry "BAH"]
[WhiteElo "2069"]
[WhiteRD "83"]
[BlackElo "2199"]
[BlackRD "79"]
[GameID "112386"]

1. Nf3 d5 2. c4 dxc4 3. Na3 Nc6 4. Nxc4 f6 5. d4 e5 6. d5 Bb4+ 7. Ncd2 Qxd5 8. a3 Bxd2+ 9. Bxd2 e4 10. Ng1 Be6
11. Bc3 Rd8 12. Qa4 Ne7 13. e3 O-O 14. Ne2 Ng6 15. Nd4 Nxd4 16. Bxd4 c5 17. Bc3 Ne5 18. Be2 Nd3+ 19. Kf1 Qf5 20. f3 exf3
21. Bxf3 Qg5 22. Ke2 a6 23. Rad1 b5 24. Qxa6 Bc4
0-1

[Event "Lazy, Vain and Invincible"]
[Site "SchemingMind.com"]
[Date "2007.07.15"]
[Round "-"]
[White "C. H. O'D. Schlechter"]
[Black "agrillage"]
[Result "1-0"]
[WhiteCountry "USA"]
[BlackCountry "MLT"]
[WhiteElo "2395"]
[WhiteRD "69"]
[BlackElo "2046"]
[BlackRD "82"]
[GameID "112387"]

1. e4 c5 2. Nc3 Nc6 3. f4 g6 4. Nf3 Bg7 5. Bb5 Nd4 6. O-O Nxb5 7. Nxb5 d6 8. d3 Nf6 9. Nc3 O-O 10. Qe1 Rb8
11. Qh4 b5 12. f5 b4 13. Ne2 Bd7 14. Bh6 Qc7 15. Ng5 gxf5 16. Rf3
1-0

[Event "Lazy, Vain and Invincible"]
[Site "SchemingMind.com"]
[Date "2007.07.11"]
[Round "-"]
[White "latvija"]
[Black "agrillage"]
[Result "1/2-1/2"]
[WhiteCountry "USA"]
[BlackCountry "MLT"]
[WhiteElo "2059"]
[WhiteRD "91"]
[BlackElo "2037"]
[BlackRD "80"]
[GameID "112388"]

1. e4 c5 2. Nf3 g6 3. d4 cxd4 4. Nxd4 Bg7 5. c4 Nc6 6. Be3 Nf6 7. Nc3 O-O 8. Be2 d6 9. O-O Bd7 10. Qd2 Nxd4
11. Bxd4 Bc6 12. f3 a5 13. b3 Nd7 14. Be3 Nc5 15. Rad1 Qb6 16. Nd5 Bxd5 17. cxd5 Qb4 18. Rc1 f5 19. exf5 gxf5 20. g3 b6
21. Rfd1 Kh8 22. Rc2 Be5=
1/2-1/2

[Event "Lazy, Vain and Invincible"]
[Site "SchemingMind.com"]
[Date "2007.07.10"]
[Round "-"]
[White "Space"]
[Black "agrillage"]
[Result "1/2-1/2"]
[WhiteCountry "SWE"]
[BlackCountry "MLT"]
[WhiteElo "2210"]
[WhiteRD "79"]
[BlackElo "2037"]
[BlackRD "80"]
[GameID "112389"]

1. e4 c5 2. g3 g6 3. Bg2 Bg7 4. d3 Nc6 5. f4 d6 6. Nf3 Nf6 7. O-O O-O 8. c3 Rb8 9. a4 a6 10. Qe2 b5
11. axb5 axb5 12. e5 dxe5 13. fxe5 Nd5 14. Qf2 Qb6 15. d4 cxd4 16. Nxd4=
1/2-1/2

[Event "Lazy, Vain and Invincible"]
[Site "SchemingMind.com"]
[Date "2007.07.10"]
[Round "-"]
[White "Cruyce"]
[Black "agrillage"]
[Result "1/2-1/2"]
[WhiteCountry "BEL"]
[BlackCountry "MLT"]
[WhiteElo "2180"]
[WhiteRD "72"]
[BlackElo "2032"]
[BlackRD "79"]
[GameID "112390"]

1. d4 c5 2. Nf3 cxd4 3. Qxd4 Nc6 4. Qa4 g6 5. g3 Bg7 6. Bg2 Nf6 7. Nc3 O-O 8. O-O d6 9. Nd4 Nxd4 10. Qxd4 Nd7
11. Qh4 Bxc3 12. bxc3 Nc5 13. Be3 Qc7 14. a4 Bf5 15. Ra2 Rad8 16. Rd1 b6 17. Qd4=
1/2-1/2

[Event "Lazy, Vain and Invincible"]
[Site "SchemingMind.com"]
[Date "2007.07.15"]
[Round "-"]
[White "ajedrez perfecto"]
[Black "agrillage"]
[Result "1-0"]
[WhiteCountry "BAH"]
[BlackCountry "MLT"]
[WhiteElo "2199"]
[WhiteRD "79"]
[BlackElo "2069"]
[BlackRD "83"]
[GameID "112391"]

1. d4 c5 2. Nf3 cxd4 3. Nxd4 d5 4. Bg5 Nc6 5. Nc3 f6 6. Bc1 e5 7. Nxc6 bxc6 8. e4 d4 9. Nb1 Be6 10. Nd2 Bb4
11. Qh5+ g6 12. Qf3 Qd7 13. c3 Ba5 14. Nb3 Bb6 15. cxd4 exd4 16. Bd3 Qf7 17. Bf4 Ne7 18. O-O O-O 19. Bd6 Rfd8 20. Ba3 g5
21. Nc5 Kg7 22. Nb7 Rd7 23. Nd6 Qg8 24. e5 Rf8 25. Ne8+
1-0